<?xml version="1.0" encoding="UTF-8"?>
<record
    xmlns:xsi="http://www.w3.org/2001/XMLSchema-instance"
    xsi:schemaLocation="http://www.loc.gov/MARC21/slim http://www.loc.gov/standards/marcxml/schema/MARC21slim.xsd"
    xmlns="http://www.loc.gov/MARC21/slim">

  <leader>02604nam a2200349   4500</leader>
  <controlfield tag="005">20100510144847.0</controlfield>
  <controlfield tag="008">700514s1968    enka          000 0 eng  </controlfield>
  <datafield tag="010" ind1=" " ind2=" ">
    <subfield code="a">B-422201-209</subfield>
  </datafield>
  <datafield tag="020" ind1=" " ind2=" ">
    <subfield code="c">350.00</subfield>
    <subfield code="a">9789380231150</subfield>
  </datafield>
  <datafield tag="035" ind1=" " ind2=" ">
    <subfield code="a">B-422201-209</subfield>
  </datafield>
  <datafield tag="037" ind1=" " ind2=" ">
    <subfield code="b">UBH/VEN</subfield>
  </datafield>
  <datafield tag="040" ind1=" " ind2=" ">
    <subfield code="a">dpl</subfield>
    <subfield code="b">English </subfield>
  </datafield>
  <datafield tag="082" ind1=" " ind2=" ">
    <subfield code="a">340.0917645</subfield>
  </datafield>
  <datafield tag="100" ind1=" " ind2=" ">
    <subfield code="a">Diwan, Paras</subfield>
    <subfield code="9">26725</subfield>
  </datafield>
  <datafield tag="245" ind1=" " ind2=" ">
    <subfield code="a">Modern Hindu Law:</subfield>
    <subfield code="c">by Paras Diwan (and) Peeyushi Diwan </subfield>
    <subfield code="b">(codified and uncodified) /</subfield>
  </datafield>
  <datafield tag="250" ind1=" " ind2=" ">
    <subfield code="a">20th ed. </subfield>
  </datafield>
  <datafield tag="260" ind1=" " ind2=" ">
    <subfield code="a">Delhi </subfield>
    <subfield code="b">Allahabad Law Agency</subfield>
    <subfield code="c">2009</subfield>
  </datafield>
  <datafield tag="270" ind1=" " ind2=" ">
    <subfield code="a">1559, Outram Lines, Near Kingsway Camp.</subfield>
    <subfield code="b">Delhi </subfield>
    <subfield code="e">110009</subfield>
  </datafield>
  <datafield tag="300" ind1=" " ind2=" ">
    <subfield code="a">xlviii, 610p. </subfield>
    <subfield code="c">25cm (pbk) </subfield>
  </datafield>
  <datafield tag="700" ind1=" " ind2=" ">
    <subfield code="a">Diwan, Peeyushi</subfield>
    <subfield code="9">26726</subfield>
  </datafield>
  <datafield tag="942" ind1=" " ind2=" ">
    <subfield code="2">ddc</subfield>
    <subfield code="c">EN</subfield>
    <subfield code="m">DIW</subfield>
    <subfield code="h">340.0917645</subfield>
  </datafield>
  <datafield tag="999" ind1=" " ind2=" ">
    <subfield code="c">35891</subfield>
    <subfield code="d">35891</subfield>
  </datafield>
  <datafield tag="952" ind1=" " ind2=" ">
    <subfield code="0">0</subfield>
    <subfield code="1">0</subfield>
    <subfield code="2">ddc</subfield>
    <subfield code="4">0</subfield>
    <subfield code="7">0</subfield>
    <subfield code="8">NFIC</subfield>
    <subfield code="a">L</subfield>
    <subfield code="b">L</subfield>
    <subfield code="d">2011-03-22</subfield>
    <subfield code="e">UBH/089/20.08.10/01.07.10/03.01.2011</subfield>
    <subfield code="g">350.00</subfield>
    <subfield code="l">2</subfield>
    <subfield code="o">340.0917645 DIW</subfield>
    <subfield code="p">B-422201</subfield>
    <subfield code="q">2017-10-17</subfield>
    <subfield code="r">2017-10-03 00:00:00</subfield>
    <subfield code="s">2017-10-03</subfield>
    <subfield code="t">1</subfield>
    <subfield code="v">350.00</subfield>
    <subfield code="w">2011-03-22</subfield>
    <subfield code="y">EN</subfield>
  </datafield>
  <datafield tag="952" ind1=" " ind2=" ">
    <subfield code="0">0</subfield>
    <subfield code="1">0</subfield>
    <subfield code="2">ddc</subfield>
    <subfield code="4">0</subfield>
    <subfield code="7">0</subfield>
    <subfield code="8">REF</subfield>
    <subfield code="a">L</subfield>
    <subfield code="b">L</subfield>
    <subfield code="d">2011-03-22</subfield>
    <subfield code="e">UBH/089/20.08.10/01.07.10/03.01.2011</subfield>
    <subfield code="g">350.00</subfield>
    <subfield code="l">1</subfield>
    <subfield code="o">340.0917645 DIW</subfield>
    <subfield code="p">B-422202</subfield>
    <subfield code="r">2023-01-17 00:00:00</subfield>
    <subfield code="s">2022-12-29</subfield>
    <subfield code="t">1</subfield>
    <subfield code="v">350.00</subfield>
    <subfield code="w">2011-03-22</subfield>
    <subfield code="y">EN</subfield>
  </datafield>
  <datafield tag="952" ind1=" " ind2=" ">
    <subfield code="0">1</subfield>
    <subfield code="1">0</subfield>
    <subfield code="2">ddc</subfield>
    <subfield code="4">0</subfield>
    <subfield code="7">0</subfield>
    <subfield code="8">NFIC</subfield>
    <subfield code="a">BL1</subfield>
    <subfield code="b">BL1</subfield>
    <subfield code="d">2011-03-22</subfield>
    <subfield code="e">UBH/089/20.08.10/01.07.10/03.01.2011</subfield>
    <subfield code="g">350.00</subfield>
    <subfield code="l">0</subfield>
    <subfield code="o">340.0917645 DIW</subfield>
    <subfield code="p">B-422203</subfield>
    <subfield code="r">2011-03-22 00:00:00</subfield>
    <subfield code="t">1</subfield>
    <subfield code="v">350.00</subfield>
    <subfield code="w">2011-03-22</subfield>
    <subfield code="y">EN</subfield>
  </datafield>
  <datafield tag="952" ind1=" " ind2=" ">
    <subfield code="0">0</subfield>
    <subfield code="1">0</subfield>
    <subfield code="2">ddc</subfield>
    <subfield code="4">0</subfield>
    <subfield code="7">0</subfield>
    <subfield code="8">NFIC</subfield>
    <subfield code="a">JP</subfield>
    <subfield code="b">JP</subfield>
    <subfield code="d">2011-03-22</subfield>
    <subfield code="e">UBH/089/20.08.10/01.07.10/03.01.2011</subfield>
    <subfield code="g">350.00</subfield>
    <subfield code="l">8</subfield>
    <subfield code="m">7</subfield>
    <subfield code="o">340.0917645 DIW</subfield>
    <subfield code="p">B-422204</subfield>
    <subfield code="r">2021-12-03 00:00:00</subfield>
    <subfield code="s">2013-01-12</subfield>
    <subfield code="t">2</subfield>
    <subfield code="v">350.00</subfield>
    <subfield code="w">2011-03-22</subfield>
    <subfield code="y">EN</subfield>
  </datafield>
  <datafield tag="952" ind1=" " ind2=" ">
    <subfield code="0">0</subfield>
    <subfield code="1">0</subfield>
    <subfield code="2">ddc</subfield>
    <subfield code="4">0</subfield>
    <subfield code="7">0</subfield>
    <subfield code="8">NFIC</subfield>
    <subfield code="a">JP</subfield>
    <subfield code="b">JP</subfield>
    <subfield code="d">2011-03-22</subfield>
    <subfield code="e">UBH/089/20.08.10/01.07.10/03.01.2011</subfield>
    <subfield code="g">350.00</subfield>
    <subfield code="l">8</subfield>
    <subfield code="m">2</subfield>
    <subfield code="o">340.0917645 DIW</subfield>
    <subfield code="p">B-422205</subfield>
    <subfield code="r">2021-12-04 00:00:00</subfield>
    <subfield code="s">2012-08-01</subfield>
    <subfield code="t">2</subfield>
    <subfield code="v">350.00</subfield>
    <subfield code="w">2011-03-22</subfield>
    <subfield code="y">EN</subfield>
  </datafield>
  <datafield tag="952" ind1=" " ind2=" ">
    <subfield code="0">0</subfield>
    <subfield code="1">0</subfield>
    <subfield code="2">ddc</subfield>
    <subfield code="4">0</subfield>
    <subfield code="7">0</subfield>
    <subfield code="8">NFIC</subfield>
    <subfield code="a">ZLS</subfield>
    <subfield code="b">ZLS</subfield>
    <subfield code="d">2011-03-22</subfield>
    <subfield code="e">UBH/089/20.08.10/01.07.10/03.01.2011</subfield>
    <subfield code="g">350.00</subfield>
    <subfield code="l">0</subfield>
    <subfield code="o">340.0917645 DIW</subfield>
    <subfield code="p">B-422206</subfield>
    <subfield code="r">2011-03-22 00:00:00</subfield>
    <subfield code="t">1</subfield>
    <subfield code="v">350.00</subfield>
    <subfield code="w">2011-03-22</subfield>
    <subfield code="y">EN</subfield>
  </datafield>
  <datafield tag="952" ind1=" " ind2=" ">
    <subfield code="0">0</subfield>
    <subfield code="1">0</subfield>
    <subfield code="2">ddc</subfield>
    <subfield code="4">0</subfield>
    <subfield code="7">0</subfield>
    <subfield code="8">NFIC</subfield>
    <subfield code="a">VP</subfield>
    <subfield code="b">VP</subfield>
    <subfield code="d">2011-03-22</subfield>
    <subfield code="e">UBH/089/20.08.10/01.07.10/03.01.2011</subfield>
    <subfield code="g">350.00</subfield>
    <subfield code="l">19</subfield>
    <subfield code="m">8</subfield>
    <subfield code="o">340.0917645 DIW</subfield>
    <subfield code="p">B-422207</subfield>
    <subfield code="r">2022-08-18 00:00:00</subfield>
    <subfield code="s">2022-06-28</subfield>
    <subfield code="t">1</subfield>
    <subfield code="v">350.00</subfield>
    <subfield code="w">2011-03-22</subfield>
    <subfield code="y">EN</subfield>
  </datafield>
  <datafield tag="952" ind1=" " ind2=" ">
    <subfield code="0">0</subfield>
    <subfield code="1">0</subfield>
    <subfield code="2">ddc</subfield>
    <subfield code="4">0</subfield>
    <subfield code="7">0</subfield>
    <subfield code="8">NFIC</subfield>
    <subfield code="a">BN</subfield>
    <subfield code="b">BN</subfield>
    <subfield code="d">2011-03-22</subfield>
    <subfield code="e">UBH/089/20.08.10/01.07.10/03.01.2011</subfield>
    <subfield code="g">350.00</subfield>
    <subfield code="l">4</subfield>
    <subfield code="o">340.0917645 DIW</subfield>
    <subfield code="p">B-422208</subfield>
    <subfield code="r">2025-05-05 00:00:00</subfield>
    <subfield code="s">2025-04-19</subfield>
    <subfield code="t">1</subfield>
    <subfield code="v">350.00</subfield>
    <subfield code="y">EN</subfield>
  </datafield>
  <datafield tag="952" ind1=" " ind2=" ">
    <subfield code="0">0</subfield>
    <subfield code="1">5</subfield>
    <subfield code="2">ddc</subfield>
    <subfield code="4">0</subfield>
    <subfield code="7">0</subfield>
    <subfield code="8">NFIC</subfield>
    <subfield code="a">BL4</subfield>
    <subfield code="b">BL4</subfield>
    <subfield code="d">2011-03-22</subfield>
    <subfield code="e">UBH/089/20.08.10/01.07.10/03.01.2011</subfield>
    <subfield code="g">350.00</subfield>
    <subfield code="l">0</subfield>
    <subfield code="o">340.0917645 DIW</subfield>
    <subfield code="p">B-422209</subfield>
    <subfield code="r">2011-03-22 00:00:00</subfield>
    <subfield code="t">1</subfield>
    <subfield code="v">350.00</subfield>
    <subfield code="y">EN</subfield>
  </datafield>
</record>
